Statistics for Ohio A-Z

Click here to take the quiz!

General Stats

  • This quiz has been taken 5,199 times
  • The average score is 15 of 26

Answer Stats

HintAnswer% Correct
AFirst man to walk on the moonNeil Armstrong
98%
EBordering Great LakeErie
93%
ORiver on the southern borderOhio
87%
WLast name of Orville and WilburWright
87%
VOnly state that is the birthplace
of more Presidents than Ohio
Virginia
86%
DCity where Bosnian peace
accords were signed in 1995
Dayton
74%
TMajor city on EToledo
74%
KUniversity where four protesters
were killed in 1970
Kent State
73%
JBasketball's "The King"LeBron James
72%
RWhat Akron has historically been
the capital of (hint: Goodyear)
Rubber
72%
BState nicknameThe {Buckeye} State
72%
GPresident born in
Point Pleasant, Ohio in 1822
Ulysses S. Grant
66%
MPresident assassinated in 1901William McKinley
66%
IOhio's name comes from this
Native American language
Iroquois
64%
UAnti-slavery novel written by Ohio
resident Harriet Beecher Stowe
Uncle Tom's
Cabin
64%
N"Cool Hand Luke" actorPaul Newman
49%
CRiver that caught on fire in 1969Cuyahoga
48%
YCity that has been shrinking
by 60% since 1959
Youngstown
45%
QCincinnati's modern nicknameThe {Queen} City
41%
ZOhio resident who popularized
the western novel
{Zane} Grey
41%
LCity where "Glee" is setLima
35%
XCity / Greek word for hospitalityXenia
34%
HMetro Cincinnati's biggest suburbHamilton
25%
PCincinnati's 1800s nickname{Pork}opolis
22%
SOhio State marching band{Script} Ohio
21%
FDJ credited with popularizing
the term "rock & roll"
Alan Freed
17%

Score Distribution

Percentile by Number Answered

Percent of People with Each Score

Your Score History

You have not taken this quiz